00532 2200193 4500001002100000005001500021035002000036007000300056008004100059020001800100082001000118084001600128100002500144245006800169250001000237260004900247300003400296990000800330INLIS00000000001018820220131100543 a0010-0122000389ta220131 g 0 ind  a9789792240214 a641.5 a641.5 APR r0 aAPRIADJI, Wied Harry1 aResep Sehat Alami Wied Harry di Televisi /cWied Harry Apriadji aCet.1 aJakarta :bPT. Gramedia Pustaka Utama,c2008 a96 hlm :b.ilus ;c23 x 23 cm a811